| 000 | 01757nam0a2200373 4500 | ||
|---|---|---|---|
| 001 | RU\NLR\bibl\356496 | ||
| 005 | 20260408174415.0 | ||
| 010 |
_a5-94837-007-3 _91000 |
||
| 021 |
_aRU _b2002-51211 _92476 |
||
| 035 | _a(NLR Aleph) 000351146 | ||
| 090 |
_a276758 _c276758 |
||
| 100 | _a20021219d2002 |||y0rusy50 ca | ||
| 101 | 0 | _arus | |
| 102 | _aRU | ||
| 105 | _ay ||||||||| | ||
| 200 | 1 |
_aКнига методик _fУчеб.-метод. центр образоват. программы Мой выбор _g[Ершова Э. Б. и др.] |
|
| 205 | _a[Переизд.] | ||
| 210 |
_aМ. _cИжица _d2002 |
||
| 215 |
_a90 с. _d26 |
||
| 300 | _aВ вып. дан. загл.: Книга методик образовательной программы "Мой выбор" | ||
| 517 | 0 | _aКнига методик образовательной программы "Мой выбор" | |
| 606 | 1 |
_aОбществоведение _xПреподавание _xСредняя школа _92161623 _3RU\NLR\AUTH\661300866 |
|
| 606 |
_aГраждановедение _xИзучение в школе _3RU\NLR\auth\66824740 _91825171 |
||
| 610 | 0 | _aМетодика преподавания в школе | |
| 686 | 1 | _aЧ426.41-215 | |
| 702 | 1 |
_4220 _8rus _7ca _aЕршова _bЭ. Б. _cд-р ист. наук _gЭльвира Борисовна _3RU\NLR\auth\7741602 _924550 |
|
| 712 | 0 | 2 |
_4570 _a"Мой выбор", всероссийская образовательная программа _bУчебно-методический центр _3RU\NLR\AUTH\8810057494 _9615934 |
| 801 | 0 |
_aRU _bRKP _c20021219 _gPSBO |
|
| 801 | 1 |
_aRU _bRKP _c20021219 |
|
| 801 | 2 |
_aRU _bNLR _c20060901 _grcr |
|
| 942 | _cBOOK | ||
| 980 | _aNB | ||